The Essence of Hinduism (Record no. 203074)

MARC details
000 -LEADER
fixed length control field 00442nam a2200193Ia 4500
008 - FIXED-LENGTH DATA ELEMENTS--GENERAL INFORMATION
fixed length control field 240823s9999||||xx |||||||||||||| ||und||
020 ## - INTERNATIONAL STANDARD BOOK NUMBER
International Standard Book Number 81-7229-166-3
082 ## - DEWEY DECIMAL CLASSIFICATION NUMBER
-- 294.5 Q1
100 ## - MAIN ENTRY--PERSONAL NAME
Personal name Gandhi M K
245 #4 - TITLE STATEMENT
Title The Essence of Hinduism
250 ## - EDITION STATEMENT
Edition statement 1st
260 ## - PUBLICATION, DISTRIBUTION, ETC. (IMPRINT)
Date of publication, distribution, etc 2011
Name of publisher, distributor, etc Navajivan Publishing
500 ## - GENERAL NOTE
General note YES
650 ## - SUBJECT ADDED ENTRY--TOPICAL TERM
Topical term or geographic name as entry element Hinduism
942 ## - ADDED ENTRY ELEMENTS (KOHA)
Item type Books
Holdings
Withdrawn status Lost status Damaged status Permanent location Current location Shelving location Date acquired Source of acquisition Cost, normal purchase price Full call number Barcode Date last seen Koha item type
      CENTRAL LIBRARY, NOORUL ISLAM CENTRE FOR HIGHER EDUCATION CENTRAL LIBRARY, NOORUL ISLAM CENTRE FOR HIGHER EDUCATION   01/01/2002 Current Book House 60.00 294.5 Q1 54027 08/23/2024 Books
Visitors:
Copyright © 2024 Central Library NICHE.  All rights reserved.